000 00288nam a22001337a 4500
020 _a0-7214-1656-6
082 _a823
_bSTE/T
100 _aSTEVENSON LOUIS
245 _aTREASURE ISLAND
260 _aITALY
_bLADY BIRD
300 _a51
650 _aENGLISH SHORT STORY
_zITALY
942 _cBK
999 _c2082
_d2082